00729nam a2200205Ia 450000500170000000800390001702000180005604000810007404100080015510000320016324500690019526000410026430000540030549000190035950400410037865000330041965000290045265000280048165000140050920211112074512.0130821s2008 ck ad gr spa a9789586827430 aCo-BoUCMbspacJose A. Gerena (modificó)dAldemar Mondragón (modificó)00aspa1 aSilva Duarte, Jorge Enrique10aEmprendedor crear su propia empresacJorge Enrique Silva Duarte aBogotá (Colombia)bAlfaomegac2008 a208 páginasbilustraciones, cuadros, gráficas0 aColección 3B aIncluye referencias bibliográficas07aAdministración de empresas07aEmpresarios industriales07aÉxito en los negocios07aLiderazgo